000 00747nam a2200253Ia 4500
003 OSt
005 20220918202645.0
006 a|||||r|||| 00| 0
007 ta
008 220917b |||||||| |||| 00| 0 eng d
024 _a102,856
037 _cTextual
040 _aARTS
_cARTS
_beng
041 _2eng
_aeng
082 _aV253:1(Q).D4, M8
100 _aPattanayak Amiya Kumar
_9104792
245 0 _aReligious policy of the imperial gangas
260 _aDelhi
_bDiscovery Publishing House
_c1988
300 _aix, 142p.
_ccm.
500 _aBibliography p117--131; Glossary P133--134; Includes Index
650 _aHISTORY
942 _hV253:1(Q).D4, M8
_cTEXL
_2CC
999 _c226305
_d226305